|
|
|
|
| LEADER |
00000caa a22000002c 4500 |
| 001 |
1640151877 |
| 003 |
DE-627 |
| 005 |
20220608131237.0 |
| 007 |
tu |
| 008 |
160223s1991 xx ||||| 00| ||eng c |
| 035 |
|
|
|a (DE-627)1640151877
|
| 035 |
|
|
|a (DE-576)45606544X
|
| 035 |
|
|
|a (DE-599)BSZ45606544X
|
| 040 |
|
|
|a DE-627
|b ger
|c DE-627
|e rakwb
|
| 041 |
|
|
|a eng
|
| 100 |
1 |
|
|a Smith, D. A.
|4 aut
|
| 245 |
1 |
0 |
|a Method and theory in comparative urban studies
|c D.A Smith
|
| 264 |
|
1 |
|c 1991
|
| 336 |
|
|
|a Text
|b txt
|2 rdacontent
|
| 337 |
|
|
|a ohne Hilfsmittel zu benutzen
|b n
|2 rdamedia
|
| 338 |
|
|
|a Band
|b nc
|2 rdacarrier
|
| 773 |
0 |
8 |
|i In
|t International journal of comparative sociology
|d Los Angeles, Calif. [u.a.] : Sage Publ., 1960
|g 32(1991), 1/2, Seite 39-58
|w (DE-627)129078697
|w (DE-600)3066-1
|w (DE-576)014411261
|x 0020-7152
|7 nnas
|
| 773 |
1 |
8 |
|g volume:32
|g year:1991
|g number:1/2
|g pages:39-58
|
| 935 |
|
|
|a mkri
|
| 951 |
|
|
|a AR
|
| ELC |
|
|
|b 1
|
| LOK |
|
|
|0 000 xxxxxcx a22 zn 4500
|
| LOK |
|
|
|0 001 3301527116
|
| LOK |
|
|
|0 003 DE-627
|
| LOK |
|
|
|0 004 1640151877
|
| LOK |
|
|
|0 005 20160223101234
|
| LOK |
|
|
|0 008 160208||||||||||||||||ger|||||||
|
| LOK |
|
|
|0 040
|a DE-21-110
|c DE-627
|d DE-21-110
|
| LOK |
|
|
|0 689
|a s
|a Soziologie
|
| LOK |
|
|
|0 689
|a s
|a Vergleichsstudien
|
| LOK |
|
|
|0 852
|z Kein Bestand am IfK; Nachweis für KrimDok
|
| LOK |
|
|
|0 852
|a DE-21-110
|
| LOK |
|
|
|0 852 1
|m v
|9 00
|
| LOK |
|
|
|0 935
|a k110
|
| LOK |
|
|
|0 938
|k v
|
| LOK |
|
|
|0 939
|a 08-02-16
|b l01
|
| ORI |
|
|
|a SA-MARC-krimdoka001.raw
|